000 00310nam a2200121Ia 4500
005 20251222144815.0
008 251222s9999||||xx |||||||||||||| ||spa||
082 _a346.048/G23
100 _aGarcía Muñoz-Nájar, Luis Alonso
245 0 _aPropiedad Intelectual:
264 _bNathan Associates
942 _cLIB
999 _c20273
_d20273